000 00567nam a2200229Ia 4500
003 OSt
005 20220924132752.0
006 a|||||r|||| 00| 0
007 ta
008 220923b |||||||| |||| 00| 0 urd d
024 _a250314
037 _cTextual
040 _aARTS
_cARTS
_burd
041 _2urd
_aurd
082 _aO168,3N12:g, M6
100 _aPervez Athar
245 0 _aKrishan Chand
_b Tanqeed
260 _c1986
650 _aURDU LITERATURE
942 _hO168,3N12:g, M6
_cTEXL
_2CC
999 _c431540
_d431540